• 首页
  • 本馆介绍
  • 公告通知
  • 最新文献
  • 馆藏检索
  • 电子资源
  • 读者导购
  • 参考咨询
  • 我的图书馆
  • 登录
  • 详细信息显示
  • 放入我的书架
  • 预约/预借图书
  • 作者相关作品
  • 分类相关作品
  • 丛书相关作品
  • 出版社相关作品

书目信息

  • 表格格式
  • 工作单格式
  • 卡片格式
题名:
现代汉语八百词
    
 
作者: 吕叔湘 主编 ;李临定 编写
分册:  
出版信息: 北京   商务印书馆  1980
页数: 667页
开本: 21cm
丛书名:
单 册:
中图分类: H146.2 , H13
科图分类:
主题词: 汉语-虚词--现代 , 虚词-汉语--现代 , 汉语--语义 , 汉语--语义学 , 汉语--词汇 , 训诂
电子资源:
ISBN:
000 00806nam0 2200301 450
001 1557055039
005 20150120155132.25
010    @dCNY2.00
091    @a9017.903
100    @a19950405d1980 em y0chiy0110 ea
101 0  @achi
102    @aCN@b110000
105    @ay z 000yy
200 1  @a现代汉语八百词@9xian dai han yu ba bai ci@f吕叔湘主编@g李临定等编写
210    @a北京@c商务印书馆@d1980
215    @a667页@d21cm
606 0  @a汉语-虚词@z现代
606 0  @a虚词-汉语@z现代
606 0  @a汉语@x语义
606 0  @a汉语@x语义学
606 0  @a汉语@x词汇
606 0  @a训诂
690    @aH146.2@v5
690    @aH13@v4
701  0 @a吕叔湘@9lü shu xiang@f(1904.12~1998.4)@4主编
702  0 @a李临定@9li lin ding@f(1932~)@4编写
801  0 @aCN@bTSSF@c20150120
905    @aZUCC@dH13@eJY39
    
    现代汉语八百词/吕叔湘主编/李临定等编写.-北京:商务印书馆,1980
    667页;21cm
    
    
    ISBN :CNY2.00
    
●
相关链接 在E读中查询图书 在五车中查询图书 在当当中查询图书 在豆瓣中查询图书


正题名:现代汉语八百词     索取号:H13/JY39         预约/预借

序号 登录号 条形码 馆藏地/架位号 状态 备注
1 7849812   278498127   学院路分馆/ [索取号:H13/JY39] 在馆    
2 7849813   278498136   学院路分馆/ [索取号:H13/JY39] 在馆    
3 7849814   278498145   学院路分馆/ [索取号:H13/JY39] 在馆    
4 7849815   278498154   学院路分馆/ [索取号:H13/JY39] 在馆    
5 7849816   278498163   学院路分馆/ [索取号:H13/JY39] 在馆    
唐山师范学院图书馆 欢迎您!
大连网信软件有限公司© 版权所有